000 00402nam a22001577a 4500
005 20250326115020.0
008 250326b |||||||| |||| 00| 0 eng d
020 _a9780131994850
050 _aHB 172.C 36 CAS
_b1
100 _aCASE, E.Karl
245 _aPrinciples of microeconomics
260 _aUpper saddle
_bPearson
_c2007
300 _axxxii,458p
700 _aFAIR, C Ray
942 _2lcc
_cBK
_n0
999 _c5204
_d5204